UM Logo

Predictors and moderators of between-therapists and within-therapist differences in depressed outpatients' experiences of the Rogerian conditions/ (Record no. 10268)

MARC details
000 -LEADER
fixed length control field 00837nam a2200193 4500
008 - FIXED-LENGTH DATA ELEMENTS--GENERAL INFORMATION
fixed length control field 180809b ||||| |||| 00| 0 eng d
022 ## - INTERNATIONAL STANDARD SERIAL NUMBER
International Standard Serial Number 0022-0167
082 ## - DEWEY DECIMAL CLASSIFICATION NUMBER
Classification number DPer 361.05 J38 Jan-Apr 2016 v. 63 n.1-3
100 ## - MAIN ENTRY--PERSONAL NAME
9 (RLIN) 41091
Personal name Zuroff, David C.
245 ## - TITLE STATEMENT
Title Predictors and moderators of between-therapists and within-therapist differences in depressed outpatients' experiences of the Rogerian conditions/
Statement of responsibility, etc. David C. Zuroff, [and four others].
260 ## - PUBLICATION, DISTRIBUTION, ETC. (IMPRINT)
Place of publication, distribution, etc. Washington DC:
Name of publisher, distributor, etc. American Psychological Association,
Date of publication, distribution, etc. ©2016.
300 ## - PHYSICAL DESCRIPTION
Extent v63 n2, pages 162-172:
Other physical details illustrations:
Dimensions 27cm.
650 #0 - SUBJECT ADDED ENTRY--TOPICAL TERM
9 (RLIN) 30283
Topical term or geographic name as entry element Psychotherapy.
700 ## - ADDED ENTRY--PERSONAL NAME
9 (RLIN) 30289
Personal name Blatt, Sidney J.
Relator term Author.
700 ## - ADDED ENTRY--PERSONAL NAME
9 (RLIN) 30290
Personal name Shahar, Golan.
Relator term Author.
700 ## - ADDED ENTRY--PERSONAL NAME
9 (RLIN) 30291
Personal name Kelly Allison C.
Relator term Author.
700 ## - ADDED ENTRY--PERSONAL NAME
9 (RLIN) 30292
Personal name Leybman,Michelle J.
Relator term Author.
942 ## - ADDED ENTRY ELEMENTS (KOHA)
Source of classification or shelving scheme Dewey Decimal Classification
Koha item type Periodicals
Holdings
Withdrawn status Lost status Source of classification or shelving scheme Damaged status Not for loan Collection code Home library Current library Date acquired Total Checkouts Full call number Date last seen Price effective from Koha item type Public note
    Dewey Decimal Classification     Periodicals UM Digos College - LIC UM Digos College - LIC 08/09/2018   DPer 361.05 J38 Jan-Apr 2016 v. 63 n.1-3 08/09/2018 08/09/2018 Periodicals Periodical article